02852njm a2200697 i 450000100060000000300090000600500170001500700150003200800410004702000150008802000150010304000360011804100080015404600090016208000130017108000120018410000550019624500420025126000400029330001190033333600390045233600360049133700230052733700260055033700630057633800320063933800360067138000110070738800140071849000590073250000420079150002060083350001400103950500580117960000430123763000370128063000370131764800140135465000270136865500280139565500100142365500220143365500540145565500720150965500210158165500210160265500190162365500300164270000310167270000470170370000380175070000460178870000320183471000450186671000520191171000290196383000580199294200120205099900170206295200750207934981KOSZ 00520220822090112.0sd fsngnnmmned061010s2005 pl munn i 000 0 d a8360004323 a8360004064 cKOSZ 005aKOSZ 005dKOSZ 005/AR apol k2005 a783(430) a(086.7)1 aHändel, Georg Friedrichd(1685-1759)eKompozytor10aHändel /cGeorg Friedrich Händel. aWarszawa :bMediasat Poland,c2005. a1 płyta CD (54 min 12 s) :bzapis cyfrowy, stereo ;c12 cm +e1 dodatek : 43 strony : ilustracje ; 13 cm x 14 cm. 2rdacontentaNagranie muzycznebprm 2rdacontent3DodatekaTekstbtxt 2rdamediaaAudiobs 2rdamediaaKomputerbc 2rdamedia3DodatekaBez urządzenia pośredniczącegobn 2rdacarrieraPłyta audiobd 2rdacarrier3DodatekaWoluminbc aMuzyka a1701-18001 aBiblioteka Gazety Wyborczej. Wielcy Kompozytorzy ;v26 aTekst komentarza: Piotr Rostwo-Suski. aWykonanie: Chór Bachowski ze Sztokholmu / Drottningholms Baroque Ensemble: Anne Sofie von Otter, alt ; Hillevi Martinpelto, sopran ; Andres Öhrwall, dyrygent ; London Baroque ; Emma Kirkby, sopran. aNagranie: Kościół Adolfa Fredericka, Sztokholm, styczeń 1986, Kościół św. Marcina, East Woodhay, Anglia, wrzesień 1999. aDixit Dominus (Psalm 110), Laudate pueri (Psalm 112).17aHändel, Georg Friedrichd(1685-1759) 7aDixit Dominus (utwór muzyczny) 7aLaudate pueri (utwór muzyczny) a1701-1800 9aKompozytorzy niemieccy 7aDokumenty dźwiękowe 7aMotet 7aMuzyka chóralna 7aMuzyka na głos wysoki i zespół instrumentalny 7aMuzyka na głosy solowe, chór mieszany i zespół instrumentalny 7aMuzyka religijna 7aMuzyka poważna 7aMuzyka wokalna 7aPsalmy (utwór muzyczny)1 aRostwo-Suski, PiotreTekst1 aOtter, Anne Sofie voneWykonanied(1955- )1 aKirkby, EmmaeWykonanied(1949- )1 aMartinpelto, HillevieWykonanied(1958- )1 aÖhrwall, AnderseDyrygent 2aDrottningholms BarockensembleeWykonanie 2aLondon Baroque (zespół muzyczny) eWykonanie 2aMediasat PolandeWydawca 0aBiblioteka Gazety Wyborczej.pWielcy Kompozytorzyv26 cCD2UKD c34981d34981 00104071aBPKbBPKccg14.90oCD 1353p00336239t0/9(0.034.2) DeyCD